| 000 | 00422nam a2200169Ia 4500 | ||
|---|---|---|---|
| 005 | 20250106032506.0 | ||
| 008 | 240331s9999 xx 000 0 und d | ||
| 020 | _a0415101042 | ||
| 082 |
_bVIK _25398 _a305.23 |
||
| 100 | _aBell, V | ||
| 245 | 0 |
_aInterrogating Incest _bFeminism, Foucault and the Law |
|
| 260 |
_aLondon _bRoutledge _c1993 |
||
| 300 | _axiii, 210 p., | ||
| 650 | _aFeminism | ||
| 650 | _aLaw | ||
| 942 | _cL | ||
| 999 |
_c1530 _d1530 |
||